Catálogo público

Normal view MARC view

Entry Nombre personal

Number of records used in: 2

001 - NÚMERO DE CONTROL

  • campo de control: 189167

003 - IDENTIFICADOR DEL NÚMERO DE CONTROL

  • campo de control: CHAP

005 - FECHA Y HORA DE LA ÚLTIMA TRANSACCIÓN

  • campo de control: 20240606102123.0

008 - DATOS DE LONGITUD FIJA

  • campo de control de longitud fija: 240606|| aca||aabn | a|a d

040 ## - FUENTE DE LA CATALOGACIÓN

  • Centro catalogador/agencia de origen: mxchpua

100 1# - ENCABEZAMIENTO-NOMBRE DE PERSONA

  • Nombre de persona: Peralta Flores, Lissette

374 ## - OCUPACIÓN

  • Ocupación: alumno del DIA